| 000 | 00746aam a2200265 4500 | ||
|---|---|---|---|
| 005 | 20160923105324.0 | ||
| 008 | 150325b xxu||||| |||| 00| 0 spa d | ||
| 041 | _aInglés | ||
| 082 | _a3.27 O635s | ||
| 100 |
_aOrganización Mundial del Turismo _99368 |
||
| 245 | _aSustainable tourism in protect areas: guidelines for planning and Mangement | ||
| 260 | _aEspaña | ||
| 260 | _bOMT | ||
| 260 | _c2002 | ||
| 300 | _a183 páginas | ||
| 650 |
_aTURISMO SOSTENIBLE _99369 |
||
| 650 |
_aÁREAS PROTEGIDAS _911818 |
||
| 650 |
_aINFRAESTRUCTURA _93964 |
||
| 650 |
_aSERVICIOS _91008 |
||
| 650 |
_aRECURSOS HUMANOS _922309 |
||
| 650 |
_aCONCESIONES _922310 |
||
| 650 |
_aFINANZAS _928 |
||
| 650 |
_aPLANES DE MANEJO _922308 |
||
| 942 | _cBK | ||
| 999 |
_c1012 _d1012 |
||